=LDR 00000nam 2200000 4500 =001 INLIS000000000030874 =005 20130612133002 =008 ***********************************ind** =035 ##$$0010-061300000030874 =041 ##$$a ind =082 ##$$a 2X3.44 =090 ##$$a 2X3.44, Arr s =100 ##$$a Ar-Ramli, Muhammad Syauman =245 ##$$a Ru'yatun Nabi Fil mannan, Saya bermimpi bertemu Nabi, Muhammad Syauman Ar-Ramli; penerjemah, Mahmoud Alld El-Fattah Ibrahim; Editor, Wendi Febriangga =260 ##$$a 2008 $b Surakarta =300 ##$$a 131 hlm, 21 cm =650 ##$$a Nbi Muhammad saw =650 ##$$a -Syazant =850 ##$$a NBPNMAT